Phương pháp giảng dạy hiện đại cho người lớn : Tài liệu thực hành Praxismaterial
Nội dung gồm các chương trình giảng dạy thiết kế theo nhóm, phương pháp thuyết trình, đưa ra nhiều tình huống để giảng dạy sẽ hấp dẫn và hay hơn.
Guardat en:
| Format: | Llibre |
|---|---|
| Idioma: | Undetermined |
| Publicat: |
Hà Nội
Học viện Hành chính Quốc gia
[1989]
|
| Matèries: | |
| Etiquetes: |
Afegir etiqueta
Sense etiquetes, Sigues el primer a etiquetar aquest registre!
|
| Thư viện lưu trữ: | Trung tâm Học liệu Trường Đại học Cần Thơ |
|---|
| LEADER | 00821nam a2200181Ia 4500 | ||
|---|---|---|---|
| 001 | CTU_206617 | ||
| 008 | 210402s9999 xx 000 0 und d | ||
| 082 | |a 374 | ||
| 082 | |b Ph561 | ||
| 245 | 0 | |a Phương pháp giảng dạy hiện đại cho người lớn : | |
| 245 | 0 | |b Tài liệu thực hành Praxismaterial | |
| 260 | |a Hà Nội | ||
| 260 | |b Học viện Hành chính Quốc gia | ||
| 260 | |c [1989] | ||
| 520 | |a Nội dung gồm các chương trình giảng dạy thiết kế theo nhóm, phương pháp thuyết trình, đưa ra nhiều tình huống để giảng dạy sẽ hấp dẫn và hay hơn. | ||
| 650 | |a Giáo dục người lớn,Adult education | ||
| 904 | |i Tuyến | ||
| 980 | |a Trung tâm Học liệu Trường Đại học Cần Thơ | ||